Sarah, sencilla y alta / (Registro nro. 9906)
[ vista simple ]
| 000 -LEADER | |
|---|---|
| fixed length control field | 00818nam a2200337 i 4500 |
| 001 - CONTROL NUMBER | |
| control field | 325448 |
| 003 - CONTROL NUMBER IDENTIFIER | |
| control field | DO-SdBNP |
| 005 - DATE AND TIME OF LATEST TRANSACTION | |
| control field | 20180207110753.0 |
| 007 - PHYSICAL DESCRIPTION FIXED FIELD--GENERAL INFORMATION | |
| fixed length control field | 325448 |
| 008 - FIXED-LENGTH DATA ELEMENTS--GENERAL INFORMATION | |
| fixed length control field | 920825s1996 sp | | | spa |
| 016 7# - NATIONAL BIBLIOGRAPHIC AGENCY CONTROL NUMBER | |
| Record control number | |
| Canceled/invalid record control number | |
| Source | BPMSU |
| 017 ## - COPYRIGHT OR LEGAL DEPOSIT NUMBER | |
| Copyright or legal deposit number | |
| Assigning agency | |
| 020 ## - INTERNATIONAL STANDARD BOOK NUMBER | |
| International Standard Book Number | 0590974092 |
| 035 ## - SYSTEM CONTROL NUMBER | |
| System control number | |
| 040 ## - CATALOGING SOURCE | |
| Original cataloging agency | BPMSU |
| Language of cataloging | spa |
| Transcribing agency | BPMSU |
| 041 1# - LANGUAGE CODE | |
| Language code of text/sound track or separate title | spa |
| Language code of original | |
| 080 #4 - UNIVERSAL DECIMAL CLASSIFICATION NUMBER | |
| Universal Decimal Classification number | |
| 100 1# - MAIN ENTRY--PERSONAL NAME | |
| Personal name | MacLachlan, Patricia |
| 240 10 - UNIFORM TITLE | |
| Uniform title | <a href="Sarah, plain and tall">Sarah, plain and tall</a> |
| Language of a work | Español |
| 245 10 - TITLE STATEMENT | |
| Title | Sarah, sencilla y alta / |
| Statement of responsibility, etc. | Patricia Maclachlan. |
| Medium | |
| 250 ## - EDITION STATEMENT | |
| Edition statement | |
| 260 ## - PUBLICATION, DISTRIBUTION, ETC. (IMPRINT) | |
| Place of publication, distribution, etc. | |
| -- | New York : |
| Name of publisher, distributor, etc. | Scholastic, |
| Date of publication, distribution, etc. | 1996 |
| 300 ## - PHYSICAL DESCRIPTION | |
| Extent | 64 p. : |
| Other physical details | il.; |
| Dimensions | 21 cm |
| 490 ## - SERIES STATEMENT | |
| Series statement | |
| Volume/sequential designation | |
| 700 1# - ADDED ENTRY--PERSONAL NAME | |
| Personal name | |
| Dates associated with a name | |
| 700 1# - ADDED ENTRY--PERSONAL NAME | |
| Personal name | |
| 830 ## - SERIES ADDED ENTRY--UNIFORM TITLE | |
| Uniform title | |
| Volume number/sequential designation | |
| 942 ## - ADDED ENTRY ELEMENTS (KOHA) | |
| Source of classification or shelving scheme | Dewey Decimal Classification |
| Koha item type | Libros |
| 945 ## - LOCAL PROCESSING INFORMATION (OCLC) | |
| a | Inventariado, 2018 / LP |
| 956 ## - LOCAL ELECTRONIC LOCATION AND ACCESS (OCLC) | |
| Host name | VMATEO |
| Materials specified | 20160421 |
| Linkage | BPMSU |
| Field link and sequence number | 0069 |
| Access number | 10 |
| Withdrawn status | Lost status | Source of classification or shelving scheme | Damaged status | Not for loan | Collection code | Home library | Current library | Date acquired | Source of acquisition | Total Checkouts | Barcode | Date last seen | Price effective from | Koha item type |
|---|---|---|---|---|---|---|---|---|---|---|---|---|---|---|
| Dewey Decimal Classification | Colección General | Biblioteca Pública Metropolitana Salomé Ureña | Biblioteca Pública Metropolitana Salomé Ureña | 04/21/2016 | FUNDI | BPMSU18020091 | 04/21/2016 | 04/21/2016 | Libros |